Hauptstädte Südamerikas - Statistiken

Allgemein
  • Dieses Quiz wurde 10.093 mal gespielt
  • Das Durchschnittsergebnis liegt bei 9 aus 12
Antwortstatistiken
Land Stadt % Korrekt
Brasilien Brasília
96%
Argentinien Buenos Aires
93%
Peru Lima
85%
Uruguay Montevideo
77%
Kolumbien Bogotá
76%
Chile Santiago de Chile
75%
Venezuela Caracas
70%
Ecuador Quito
70%
Bolivien Sucre
63%
Guyana Georgetown
57%
Paraguay Asunción
51%
Suriname Paramaribo
46%
Keine übereinstimmenden Quizze gefunden
Verteilung der Resultate
Anzahl Personen mit jedem Resultat
Perzentil nach korrekt beantworteten Fragen
Ihre Resultats-Entwicklung
Sie haben dieses Quiz noch nicht gespielt